Personnel administration : (Record no. 7135)

MARC details
000 -LEADER
fixed length control field 00812nam a2200253 i 4500
001 - CONTROL NUMBER
control field 817470
003 - CONTROL NUMBER IDENTIFIER
control field OSt
005 - DATE AND TIME OF LATEST TRANSACTION
control field 20240904080636.0
008 - FIXED-LENGTH DATA ELEMENTS--GENERAL INFORMATION
fixed length control field 770628s1977 mau b 001 0 eng
010 ## - LIBRARY OF CONGRESS CONTROL NUMBER
LC control number 76020035
020 ## - INTERNATIONAL STANDARD BOOK NUMBER
International Standard Book Number 0201004364
040 ## - CATALOGING SOURCE
Original cataloging agency DLC
Transcribing agency DLC
Modifying agency DLC
050 00 - LIBRARY OF CONGRESS CALL NUMBER
Classification number HF5549
Item number .B328
082 00 - DEWEY DECIMAL CLASSIFICATION NUMBER
Classification number 658.3 B328 1977
100 1# - MAIN ENTRY--PERSONAL NAME
Personal name Beatty, Richard W.
245 10 - TITLE STATEMENT
Title Personnel administration :
Remainder of title an experiential/skill-building approach /
Statement of responsibility, etc. Richard W. Beatty, Craig Eric Schneier.
260 ## - PUBLICATION, DISTRIBUTION, ETC.
Place of publication, distribution, etc. Reading, Mass. :
Name of publisher, distributor, etc. Addison-Wesley Pub. Co.,
Date of publication, distribution, etc. c1977.
300 ## - PHYSICAL DESCRIPTION
Extent x, 562 p. ;
Dimensions 28 cm.
504 ## - BIBLIOGRAPHY, ETC. NOTE
Bibliography, etc. note Includes bibliographies and index.
650 #0 - SUBJECT ADDED ENTRY--TOPICAL TERM
Topical term or geographic name entry element Personnel management.
700 1# - ADDED ENTRY--PERSONAL NAME
Personal name Schneier, Craig Eric,
Relator term joint author.
906 ## - LOCAL DATA ELEMENT F, LDF (RLIN)
a 7
b cbc
c orignew
d 2
e ocip
f 19
g y-gencatlg
942 ## - ADDED ENTRY ELEMENTS (KOHA)
Source of classification or shelving scheme Dewey Decimal Classification
Koha item type English Book
Suppress in OPAC No
Holdings
Withdrawn status Lost status Source of classification or shelving scheme Damaged status Not for loan Home library Current library Date acquired Total Checkouts Full call number Barcode Date last seen Price effective from Koha item type
    Dewey Decimal Classification     CENTRAL CENTRAL 09/05/2024   658.3 B328 1977 1000000020097 09/05/2024 09/05/2024 English Book